Two weeks notice [

General viewing for all ages (U)

Bibliographic Details
Main Author: Lawrence, Marc
Format: Book
Published: s.l : Castle Rock Entertaiment , 2002

MARC

LEADER 00000cam a2200000 7i4500
001 0000074708
005 20040105.0
090 0 0 |a F   |b TWO 
100 1 |a Lawrence, Marc 
245 1 0 |a Two weeks notice [  |h video compact disc]   |c Marc Lawrence 
260 |a s.l :   |b Castle Rock Entertaiment ,   |c 2002 
300 |a 2 Video compact disc (115 minutes) :   |b col 
500 |a Library has 2 copies 
520 0 |a General viewing for all ages (U) 
999 |a AV 06785   |b VIDEO COMPACT DISC   |c FICTION   |e PERPUSTAKAAN KOMUNITI PETALING JAYA 
999 |a AV 06786   |b VIDEO COMPACT DISC   |c FICTION   |e PERPUSTAKAAN KOMUNITI PETALING JAYA